000 00615nas a2200217 i 4500
001 178775
003 ES-MaACL
005 20250217134901.0
008 110621d19371977it a| | ||at d
080 _a013:271.5
245 0 0 _aIndex bibliographicus Societatis Iesu.
260 _aRoma :
_b[s.n.],
_c1937-1977.
300 _a1 vol. ;
_c24 cm.
362 0 _aVol. 1 (1938)-Vol. 20 (1977)
500 _aVol. 8 1962 - Jesús G. Arberas.
610 2 4 _aJesuítas-
_xBibliografías.
_9147247
700 1 _aArberas, Jesús G.
_9147248
852 _aES-MaACL
_jE-3394
866 0 _o1962.
999 _c178775
_d178775